000
00438nam a2200169Ia 4500
008
090123s9999 xx 000 0 und d
082
_b
21620
100
_a
पंडित राम
245
_a
रुपान्तर
250
_a
0
300
_a
130
600
_a
पंडित राम
630
_a
रुपान्तर
700
_a
पंडित राम
730
_a
रुपान्तर
942
_c
BOOK
999
_c
59692
_d
59692